000 00405cam a22001217a 4500
008 180718b1992 xxu||||| |||| 00| 0 eng d
082 _aA81x54 In2/81/17/Pt8A&B/1
100 _aCensus of India 1981
245 _aPunjab: household tables on scheduled castes
260 _aDelhi
_bController of Publications
_c1992
300 _a255+p.
440 _aCensus of India 1981. Series-17, Punjab. Part-VIII A & B (i)
999 _c475474
_d475474